Vivat, crescat, floreat!

Bibliographic Details
Main Author: Kmeczkó, Mihály, 1944-2004 (Author)
Format: Article
Language:Slovak
Hungarian
PhysicalDescription:Obr.
Subjects:

MARC

LEADER 00000nab a2200000 ar4500
001 vtls009150141
003 SK-MaSNL
005 20260303190442.0
008 071016c1976 xo |r|p|||||||000 b|slo
015 |a SNBRB2007/10  |2 snkbucl 
038 |a SNKBUCL 
040 |a SNKBUCL  |b hun  |c SNKBUCL  |e AACR2 
041 |a hun 
044 |a xo  |c SK 
080 |a 78.087.68(437)  |2 1997 
100 1 |a Kmeczkó, Mihály,  |d 1944-2004  |4 aut  |9 103003 
245 1 0 |a Vivat, crescat, floreat!  |c Mihály Kmeczkó 
300 |b Obr. 
610 2 7 |a Ústredný zbor maďarských učiteľov v Československu  |2 SNKKA  |9 214553 
773 0 |t Vasárnapi Új Szó  |g Roč. 9, č. 30 (1976), s. 9 
852 |a SNK  |b KIS3GCP 
958 |a HU 
999 |c 2136307  |d 2138237